000 00736nam a2200217 4500
003 LK-CoMWRAF
005 20231126131859.0
008 230818b2002 |||||||| |||| 00| 0 eng d
020 _a9558698008
040 _aLK-CoMWRAF
_dLK-CoMWRAF
_eLK-CoMWRAF
041 _aeng
082 _a323
_bFER
100 _aFernando, Laksiri
245 _aA Political Science Approach to Human Rights
260 _aColombo:
_bThe Centre for the study of Human Rights,
_c2002
300 _a88p.
_bBibliography included
650 _aHUMAN RIGHTS
653 _aHUMAN RIGHTS-Political aspects
856 _uhttps://lms.cshr.cmb.ac.lk/pluginfile.php/5609/mod_resource/content/1/A%20Political%20Science%20Approach%20to%20Human%20Rights.pdf
942 _cBK
999 _c3212
_d3212